মেট্রিক্সঃ তত্ত্ব ও ব্যবহার=(Matrix : Theory and Application) / (Record no. 68958)
[ view plain ]
| 000 -LEADER | |
|---|---|
| fixed length control field | 00979nam a2200241 a 4500 |
| 001 - CONTROL NUMBER | |
| control field | 68958 |
| 003 - CONTROL NUMBER IDENTIFIER | |
| rucl marc code | BD-RjUL |
| 005 - DATE AND TIME OF LATEST TRANSACTION | |
| control field | 20211209081831.0 |
| 008 - FIXED-LENGTH DATA ELEMENTS--GENERAL INFORMATION | |
| fixed length control field | 170408s1998 bg ||||| b||| 00| 0 ben d |
| 020 ## - INTERNATIONAL STANDARD BOOK NUMBER | |
| International Standard Book Number | 9840738046 : |
| Terms of availability | : TK.60.00 |
| 035 ## - SYSTEM CONTROL NUMBER | |
| System control number | (BD-RjUL)69169 |
| 040 ## - CATALOGING SOURCE | |
| Original cataloging agency | BD-RjUL |
| Language of cataloging | ben |
| Transcribing agency | BD-RjUL |
| Modifying agency | BD-RjUL |
| 041 ## - LANGUAGE CODE | |
| Language code of text/sound track or separate title | ben |
| 082 ## - DEWEY DECIMAL CLASSIFICATION NUMBER | |
| Edition number | 23 |
| Classification number | 512.9434 |
| Author mark and year | ANM 1998 |
| 100 ## - MAIN ENTRY--PERSONAL NAME | |
| Personal name | আনসারী, মোঃ আব্দুল্লাহ |
| 9 (RLIN) | 157051 |
| 245 ## - TITLE STATEMENT | |
| Title | মেট্রিক্সঃ তত্ত্ব ও ব্যবহার=(Matrix : Theory and Application) / |
| Statement of responsibility, etc. | মোঃ আব্দুল্লাহ আনসারী |
| 260 ## - PUBLICATION, DISTRIBUTION, ETC. (IMPRINT) | |
| Place of publication, distribution, etc. | ঢাকা : |
| Name of publisher, distributor, etc. | বাংলা একাডেমী, |
| Date of publication, distribution, etc. | ১৯৯৮. |
| 300 ## - PHYSICAL DESCRIPTION | |
| Pagination | ২১৯ পৃ. ; |
| Size | ২৪ সে.মি. |
| 504 ## - BIBLIOGRAPHY, ETC. NOTE | |
| Bibliography, etc | গ্রন্থপঞ্জি সংযুক্ত. |
| 650 ## - SUBJECT ADDED ENTRY--TOPICAL TERM | |
| Topical term or geographic name as entry element | জরায়ু |
| Form subdivision | মহাসভা |
| 9 (RLIN) | 204321 |
| Topical term or geographic name as entry element | Matrices |
| Form subdivision | Congresses |
| 9 (RLIN) | 204322 |
| 942 ## - ADDED ENTRY ELEMENTS (KOHA) | |
| Source of classification or shelving scheme | Dewey Decimal Classification |
| Koha item type | Books |
| Lost status | Source of classification or shelving scheme | Damaged status | Not for loan | Collection code | Permanent Location | Current Location | Shelving location | Date acquired | Source of acquisition | Total Checkouts | Full call number | Date last seen | Copy number | Koha item type |
|---|---|---|---|---|---|---|---|---|---|---|---|---|---|---|
| Dewey Decimal Classification | Not For Loan | Non-fiction | Central Library, University of Rajshahi | Central Library, University of Rajshahi | Reading Room | 09/12/2021 | Writer | B 512.9434 ANM 1998 | 08/04/2017 | C-1 | Books |